Greatest Raptors NBA Players - Statistics

General Stats
  • This quiz has been taken 195 times
    29 since last reset
  • The average score is 12 of 16
Answer Stats
Picture Answer % Correct
Kawhi Leonard
96%
Chris Bosh
93%
DeMar DeRozan
93%
Kyle Lowry
93%
Pascal Siakam
93%
Vince Carter
93%
Fred VanVleet
86%
Scottie Barnes
86%
Marc Gasol
82%
Serge Ibaka
82%
Tracy McGrady
82%
Jonas Valanciunas
79%
Jose Calderon
50%
Damon Stoudamire
39%
Antonio Davis
25%
Charles Oakley
25%
No matching quizzes found
Score Distribution
Percent of People with Each Score
Percentile by Number Answered
Your Score History
You have not taken this quiz since the last reset